[Event "Perm Rating October"]
[Site "Perm"]
[Date "2010.10.05"]
[Round "2"]
[White "Ivanov, Gleb O"]
[Black "Mikheeva, Natalia"]
[Result "1/2-1/2"]
[WhiteElo "1719"]
[BlackElo "1833"]
[PlyCount "50"]
[EventDate "2010.10.04"]
[EventType "swiss"]
[EventRounds "8"]
[EventCountry "RUS"]
[SourceTitle "EXT 2022"]
[Source "ChessBase"]
[SourceDate "2021.10.06"]
[SourceVersion "1"]
[SourceVersionDate "2021.10.06"]
[SourceQuality "1"]

1. g3 g6 2. Bg2 Bg7 3. Nf3 Nf6 4. 0-0 0-0 5. d4 d5 6. Nc3 Nc6 7. Bg5 e6 8. a3 b6 9. e3 Bb7 10. Qd3 h6 11. Bf4 Nh5 12. Be5 Nxe5 13. Nxe5 Qe7 14. Rfe1 c5 15. Rad1 Bxe5 16. dxe5 Rac8 17. Nb5 Ba6 18. a4 Bxb5 19. axb5 Rfd8 20. Ra1 Ng7 21. Ra6 Nf5 22. Rea1 Rd7 23. g4 Nh4 24. h3 Nxg2 25. Kxg2 Kg7 1/2-1/2

[Event "Perm op 04"]
[Site "Perm"]
[Date "2010.04.30"]
[Round "9"]
[White "Mikheeva, Natalia"]
[Black "Gurov, Vladimir Demianovic"]
[Result "0-1"]
[WhiteElo "1862"]
[BlackElo "1738"]
[PlyCount "70"]
[EventDate "2010.04.22"]
[EventType "swiss"]
[EventRounds "9"]
[EventCountry "RUS"]
[SourceTitle "EXT 2012"]
[Source "ChessBase"]
[SourceDate "2011.11.24"]
[SourceVersion "1"]
[SourceVersionDate "2011.11.24"]
[SourceQuality "1"]

1. d4 d5 2. c4 e6 3. Nc3 Nf6 4. Bg5 Nbd7 5. e3 c6 6. Bd3 Qa5 7. Bf4 dxc4 8. Bxc4 e5 9. Bg3 Bb4 10. Qb3 0-0 11. dxe5 Nc5 12. Qc2 Nfe4 13. Nge2 Bf5 14. Qc1 b5 15. Bxf7+ Rxf7 16. 0-0 Nxg3 17. Nxg3 Bd3 18. Rd1 Bxc3 19. bxc3 Re8 20. f4 Qa4 21. Qb2 a5 22. Rd2 Qc4 23. Rad1 g6 24. h4 Rd7 25. h5 Red8 26. hxg6 hxg6 27. Qa3 Na4 28. Rc1 Qc5 29. Qxc5 Nxc5 30. Re1 Ne4 31. Rxd3 Nxg3 32. Rd4 c5 33. Rxd7 Rxd7 34. e4 Rd2 35. Kh2 Ne2 0-1

[Event "Perm op 02"]
[Site "Perm"]
[Date "2010.03.03"]
[Round "4"]
[White "Mikheeva, Natalia"]
[Black "Liang, Vladimir"]
[Result "0-1"]
[WhiteElo "2079"]
[BlackElo "1732"]
[PlyCount "46"]
[EventDate "2010.02.27"]
[EventType "swiss"]
[EventRounds "9"]
[EventCountry "RUS"]
[SourceTitle "EXT 2011"]
[Source "ChessBase"]
[SourceDate "2010.11.26"]
[SourceVersion "1"]
[SourceVersionDate "2010.11.26"]
[SourceQuality "1"]

1. c4 e5 2. g3 f5 3. Bg2 c6 4. Nc3 Nf6 5. d3 d5 6. cxd5 cxd5 7. d4 e4 8. Bg5 Be6 9. Qb3 Qd7 10. Bxf6 gxf6 11. Nh3 Nc6 12. 0-0-0 0-0-0 13. Rhf1 Bh6+ 14. Kb1 Kb8 15. f4 Na5 16. Qc2 Nc4 17. Qc1 Bf8 18. Rde1 Qc7 19. e3 Qb6 20. Nf2 Ba3 21. Nfd1 Bf7 22. Qc2 Bxb2 23. Qe2 Na3# 0-1